Catholic University of Zimbabwe Library
Online Public Access Catalogue
(OPAC)

Blood and sand (Record no. 15258)

MARC details
000 -LEADER
fixed length control field 00746cjm a22002415a 4500
001 - CONTROL NUMBER
control field 13393608
005 - DATE AND TIME OF LATEST TRANSACTION
control field 20200625105232.0
007 - PHYSICAL DESCRIPTION FIXED FIELD--GENERAL INFORMATION
fixed length control field sd fsngnnmmned
008 - FIXED-LENGTH DATA ELEMENTS--GENERAL INFORMATION
fixed length control field 031104s1998 xx uun
010 ## - LIBRARY OF CONGRESS CONTROL NUMBER
LC control number 2003602003
024 1# - OTHER STANDARD IDENTIFIER
Standard number or code 8004883600472
028 02 - PUBLISHER NUMBER
Publisher number CD 60047
Source Great Movie Themes
035 ## - SYSTEM CONTROL NUMBER
System control number (DLC) 2003602003
035 ## - SYSTEM CONTROL NUMBER
System control number (DLC)13393608
040 ## - CATALOGING SOURCE
Original cataloging agency DLC
Transcribing agency DLC
050 00 - LIBRARY OF CONGRESS CALL NUMBER
Classification number PN5123.G29A3
245 00 - TITLE STATEMENT
Title Blood and sand
Statement of responsibility, etc. Frank Gardner
260 ## - PUBLICATION, DISTRIBUTION, ETC.
Place of publication, distribution, etc. London
Name of publisher, distributor, etc. Large Print
Date of publication, distribution, etc. 2006
300 ## - PHYSICAL DESCRIPTION
Extent 479,p.
Dimensions 23cm
906 ## - LOCAL DATA ELEMENT F, LDF (RLIN)
a 0
b ibc
c srrepla
d 3
e ncip
f 20
g y-genmusic
942 ## - ADDED ENTRY ELEMENTS (KOHA)
Source of classification or shelving scheme
Koha item type OS Book
Classification part PN5123.G29A3
Holdings
Withdrawn status Lost status Source of classification or shelving scheme Damaged status Not for loan Home library Current library Shelving location Date acquired Source of acquisition Cost, normal purchase price Inventory number Total Checkouts Full call number Barcode Date last seen Copy number Cost, replacement price Price effective from Koha item type
          CUZ Harare Campus CUZ Harare Campus Open Shelf 25.06.2020 Donation 25.00 CU14034   PN5123.G29A3 BK008864 22.05.2025 1 25.00 10.03.2020 OS Book

OPENING HOURS

Weekdays: 0815hrs - 1800hrs
Weekends:0900hrs - 1200hrs

Closed for Mass:

Mon, Thur: 1200hrs - 1300hrs
Sunday & Public Holiday’s

CALL SUPPORT

0242-570570, 0242-570169
09200664, +263 8644140602

LOCATION

18443, Cranborne Avenue, Hatfield, Harare

Other Links


©2021 | CUZ Library